[Event "PRO League Stage"]
[Site "Chess.com INT"]
[Date "2017.02.11"]
[Round "5"]
[White "Zaremba, Andrie"]
[Black "Shaposhnikov, Evgeny"]
[Result "0-1"]
[WhiteElo "2348"]
[BlackElo "2557"]
[PlyCount "96"]
[EventDate "2017.01.11"]
[EventType "team-swiss (rapid)"]
[EventRounds "7"]
[EventCountry "USA"]
[SourceTitle "CBM 176 Extra"]
[Source "ChessBase"]
[SourceDate "2017.03.02"]
[SourceVersion "1"]
[SourceVersionDate "2017.03.02"]
[SourceQuality "1"]
[WhiteTeam "Philadelphia Inventors"]
[BlackTeam "Gorky Stormbringers"]
[WhiteTeamCountry "UAE"]
[BlackTeamCountry "RUS"]

1. d4 Nf6 2. Nf3 e6 3. g3 d5 4. Bg2 Be7 5. c4 0-0 6. Nc3 c6 7. 0-0 Nbd7 8. b3 b6 9. Bb2 Ba6 10. Nd2 Rc8 11. Re1 c5 12. dxc5 dxc4 13. c6 Nb8 14. Nxc4 Nxc6 15. Rc1 Bc5 16. Ne4 Nxe4 17. Bxe4 Qe7 18. e3 Bb4 19. Rf1 Na5 20. Qh5 f5 21. Bd3 Nxc4 22. Bxc4 Bxc4 23. bxc4 Ba3 24. Qe2 Bxb2 25. Qxb2 Rc5 26. Rfd1 Rfc8 27. Qd4 b5 28. Qd7 Kf7 29. Rd4 R8c7 30. Qxe7+ Kxe7 31. Kf1 Rxc4 32. Rcd1 Rxd4 33. Rxd4 Rc1+ 34. Kg2 Rc4 35. Rd3 b4 36. a3 a5 37. axb4 Rxb4 38. h4 a4 39. Kf3 Rb7 40. Ra3 Ra7 41. e4 Kd6 42. exf5 exf5 43. Kf4 g6 44. h5 Kc5 45. Kg5 Ra6 46. Kh6 Kb4 47. Ra1 a3 48. Kxh7 gxh5 0-1

[Event "PRO League Atlantic"]
[Site "Chess.com INT"]
[Date "2017.01.11"]
[Round "1"]
[White "Cremisi, Daniel Josef"]
[Black "Zaremba, Andrie"]
[Result "1-0"]
[WhiteElo "2148"]
[BlackElo "2348"]
[PlyCount "85"]
[EventDate "2017.01.11"]
[EventType "team-swiss (rapid)"]
[EventRounds "7"]
[EventCountry "USA"]
[SourceTitle "CBM 176 Extra"]
[Source "ChessBase"]
[SourceDate "2017.03.02"]
[SourceVersion "1"]
[SourceVersionDate "2017.03.02"]
[SourceQuality "1"]
[WhiteTeam "Carolina Cobras"]
[BlackTeam "Philadelphia Inventors"]
[WhiteTeamCountry "USA"]
[BlackTeamCountry "UAE"]

1. d4 d5 2. c4 c6 3. Nc3 Nf6 4. e3 e6 5. Nf3 Nbd7 6. Qc2 Be7 7. Bd3 dxc4 8. Bxc4 c5 9. 0-0 cxd4 10. exd4 Nb6 11. Bd3 0-0 12. Bg5 h6 13. Be3 Nbd5 14. a3 Bd7 15. Ne5 Rc8 16. Qd2 Nxe3 17. fxe3 Bc6 18. Bc2 Bd6 19. Nxc6 Rxc6 20. Qd3 g6 21. Rf3 Nd5 22. Raf1 Nxc3 23. bxc3 Qh4 24. g3 Qg5 25. Kh1 h5 26. e4 Bxa3 27. e5 Rc7 28. h4 Qh6 29. c4 Bb4 30. d5 exd5 31. Qxd5 Re7 32. Rf6 Kh8 33. Bxg6 Re6 34. Bb1 Rxf6 35. exf6 Rg8 36. Rf5 Qc1+ 37. Kh2 Qb2+ 38. Kh3 Rxg3+ 39. Kxg3 Be1+ 40. Kh3 Qb3+ 41. Bd3 Qb6 42. Rxh5+ Kg8 43. Qg5+ 1-0

[Event "PRO League Atlantic"]
[Site "Chess.com INT"]
[Date "2017.01.11"]
[Round "1"]
[White "Zaremba, Andrie"]
[Black "Balleisen, Aaron S"]
[Result "1-0"]
[WhiteElo "2348"]
[BlackElo "2127"]
[PlyCount "171"]
[EventDate "2017.01.11"]
[EventType "team-swiss (rapid)"]
[EventRounds "7"]
[EventCountry "USA"]
[SourceTitle "CBM 176 Extra"]
[Source "ChessBase"]
[SourceDate "2017.03.02"]
[SourceVersion "1"]
[SourceVersionDate "2017.03.02"]
[SourceQuality "1"]
[WhiteTeam "Philadelphia Inventors"]
[BlackTeam "Carolina Cobras"]
[WhiteTeamCountry "UAE"]
[BlackTeamCountry "USA"]

1. d4 Nf6 2. Nf3 b6 3. c4 Bb7 4. Nc3 g6 5. Qc2 d5 6. Bg5 Nbd7 7. cxd5 Nxd5 8. Nxd5 Bxd5 9. e4 Bb7 10. Bb5 c6 11. Bc4 Bg7 12. h4 h6 13. Bf4 e6 14. Qd2 Qe7 15. 0-0 Nf6 16. Rfe1 Rd8 17. Rad1 Nh5 18. Be3 Nf6 19. Bf4 Nh5 20. e5 Nxf4 21. Qxf4 0-0 22. Bd3 c5 23. Be4 c4 24. Bxb7 Qxb7 25. Nd2 f6 26. Nxc4 fxe5 27. Qg4 Rxd4 28. Rxd4 exd4 29. Rxe6 Qf7 30. f3 Qf5 31. Qxg6 Qxg6 32. Rxg6 Rd8 33. Rd6 Rc8 34. b3 b5 35. Na3 Rc1+ 36. Kf2 b4 37. Nb5 Rc2+ 38. Kf1 Rxa2 39. Nxd4 Bxd4 40. Rxd4 a5 41. Kg1 Ra3 42. Rd5 Rxb3 43. Rxa5 Rb1+ 44. Kh2 b3 45. Ra7 b2 46. Rb7 Kf8 47. h5 Ke8 48. Kg3 Kd8 49. Kf4 Kc8 50. Rb3 Kd7 51. g4 Ke7 52. Kf5 Rf1 53. Rb7+ Kf8 54. Rxb2 Rxf3+ 55. Kg6 Rf4 56. Rg2 Ke7 57. Kxh6 Kf7 58. Kg5 Re4 59. Rf2+ Kg7 60. Rf5 Re6 61. Ra5 Rd6 62. Ra7+ Kg8 63. Kh4 Rb6 64. Re7 Rc6 65. g5 Rc4+ 66. Kg3 Rc5 67. Kg4 Rc4+ 68. Kf5 Rc5+ 69. Re5 Rc1 70. h6 Rc2 71. Kf6 Rf2+ 72. Kg6 Rf8 73. Re7 Kh8 74. Kh5 Ra8 75. g6 Ra5+ 76. Kg4 Ra4+ 77. Kg5 Ra5+ 78. Kf6 Ra6+ 79. Re6 Ra8 80. Rb6 Rc8 81. Rd6 Ra8 82. Re6 Rf8+ 83. Ke7 Ra8 84. Rd6 Ra7+ 85. Rd7 Ra8 86. Rd8+ 1-0

[Event "USA tt"]
[Site "ICC INT"]
[Date "2011.10.05"]
[Round "6"]
[White "Pruess, David"]
[Black "Zaremba, Andrie"]
[Result "1/2-1/2"]
[WhiteElo "2386"]
[BlackElo "2348"]
[PlyCount "81"]
[EventDate "2011.08.29"]
[EventType "team-tourn"]
[EventRounds "10"]
[EventCountry "USA"]
[SourceTitle "CBM 144 Extra"]
[Source "ChessBase"]
[SourceDate "2011.10.28"]
[SourceVersion "1"]
[SourceVersionDate "2011.10.28"]
[SourceQuality "1"]
[WhiteTeam "San Francisco"]
[BlackTeam "Manhattan Applesauce"]
[WhiteTeamCountry "USA"]
[BlackTeamCountry "USA"]

1. e4 c6 2. d4 d5 3. Nc3 dxe4 4. Nxe4 Bf5 5. Ng3 Bg6 6. Nf3 Nd7 7. h4 h6 8. h5 Bh7 9. Bd3 Bxd3 10. Qxd3 Ngf6 11. Bf4 Qa5+ 12. Bd2 Qc7 13. 0-0-0 e6 14. Kb1 0-0-0 15. c4 Bd6 16. Ne4 Nxe4 17. Qxe4 Nf6 18. Qe2 Rhe8 19. Bc3 c5 20. Ne5 cxd4 21. Bxd4 Bxe5 22. Bxe5 Qc6 23. f3 Rxd1+ 24. Rxd1 Nxh5 25. Qe3 b6 26. c5 Rd8 27. Rxd8+ Kxd8 28. cxb6 axb6 29. Qd4+ Ke8 30. Bxg7 Nxg7 31. Qxg7 Qc4 32. a3 h5 33. Qg8+ Ke7 34. Qg5+ Ke8 35. Qg8+ Ke7 36. Qg5+ Ke8 37. Qxh5 Qf1+ 38. Ka2 Qc4+ 39. Kb1 Qf1+ 40. Ka2 Qc4+ 41. Kb1 1/2-1/2

[Event "Gibraltar Masters 9th"]
[Site "Caleta"]
[Date "2011.02.03"]
[Round "10"]
[White "Kosintseva, Tatiana"]
[Black "Zaremba, Andrie"]
[Result "1-0"]
[WhiteElo "2570"]
[BlackElo "2339"]
[PlyCount "61"]
[EventDate "2011.01.25"]
[EventType "swiss"]
[EventRounds "10"]
[EventCountry "GGB"]
[SourceTitle "CBM 141"]
[Source "ChessBase"]
[SourceDate "2011.03.17"]
[SourceVersion "1"]
[SourceVersionDate "2011.03.17"]
[SourceQuality "1"]

1. e4 c6 2. d4 d5 3. e5 Bf5 4. Nd2 e6 5. Nb3 h5 6. Nf3 Be7 7. Be2 Nh6 8. 0-0 Nd7 9. a4 g5 10. Ne1 g4 11. a5 b6 12. Bf4 Bg6 13. f3 gxf3 14. Nxf3 Nf5 15. c4 Kf8 16. Qd2 Kg7 17. Bg5 Bxg5 18. Nxg5 dxc4 19. Bxc4 Qe7 20. Qf4 b5 21. Bd3 Qb4 22. Bxf5 Bxf5 23. Qg3 Kf8 24. Rac1 h4 25. Qe3 Rg8 26. Rxc6 Rxg5 27. Qxg5 Qxb3 28. Rfc1 Bg6 29. Qh6+ Ke7 30. Qxh4+ Kf8 31. Rc8+ 1-0

[Event "Gibraltar Masters 9th"]
[Site "Caleta"]
[Date "2011.01.27"]
[Round "3"]
[White "Zaremba, Andrie"]
[Black "Bologan, Viktor"]
[Result "0-1"]
[WhiteElo "2339"]
[BlackElo "2693"]
[PlyCount "68"]
[EventDate "2011.01.25"]
[EventType "swiss"]
[EventRounds "10"]
[EventCountry "GGB"]
[SourceTitle "CBM 141"]
[Source "ChessBase"]
[SourceDate "2011.03.17"]
[SourceVersion "1"]
[SourceVersionDate "2011.03.17"]
[SourceQuality "1"]

1. d4 Nf6 2. Nf3 g6 3. g3 c5 4. c3 b6 5. Bg2 Bb7 6. 0-0 Bg7 7. Bf4 0-0 8. Qc1 d6 9. Bh6 Nbd7 10. Bxg7 Kxg7 11. a4 e5 12. dxe5 dxe5 13. Rd1 Qe7 14. Ne1 e4 15. Na3 Ne5 16. Nec2 Bc6 17. b3 Rad8 18. Ne3 h5 19. h3 h4 20. g4 Nh7 21. Nac4 Nxc4 22. Nxc4 Bd5 23. Qf4 Ng5 24. Nd2 Ne6 25. Qe3 f5 26. c4 Bc6 27. Qc3+ Kh7 28. Qe5 Qf7 29. gxf5 gxf5 30. e3 Rg8 31. Kf1 Qg6 32. Qh2 f4 33. exf4 e3 34. fxe3 Qd3+ 0-1

[Event "Reykjavik op"]
[Site "Reykjavik"]
[Date "2010.02.28"]
[Round "6"]
[White "Player, Edmund C"]
[Black "Zaremba, Andrie"]
[Result "1/2-1/2"]
[WhiteElo "2156"]
[BlackElo "2360"]
[PlyCount "61"]
[EventDate "2010.02.24"]
[EventType "swiss"]
[EventRounds "9"]
[EventCountry "ISL"]
[SourceTitle "CBM 135 Extra"]
[Source "ChessBase"]
[SourceDate "2010.05.04"]
[SourceVersion "1"]
[SourceVersionDate "2010.05.04"]
[SourceQuality "1"]

1. e4 c6 2. d4 d5 3. Nc3 dxe4 4. Nxe4 Bf5 5. Ng3 Bg6 6. Nf3 Nd7 7. h4 h6 8. h5 Bh7 9. Bd3 Bxd3 10. Qxd3 Ngf6 11. Bd2 e6 12. 0-0-0 Bd6 13. Ne4 Nxe4 14. Qxe4 Nf6 15. Qe2 Qc7 16. Kb1 0-0-0 17. Rh4 Kb8 18. Ne5 Bxe5 19. dxe5 Nd5 20. Rg4 Rhg8 21. Rg3 c5 22. c4 Ne7 23. Bc3 Rxd1+ 24. Qxd1 Rd8 25. Rd3 Kc8 26. Kc2 Rd7 27. Rxd7 Qxd7 28. Qd6 b6 29. g4 g6 30. Qxd7+ Kxd7 31. Kd3 1/2-1/2

[Event "Reykjavik op"]
[Site "Reykjavik"]
[Date "2010.02.27"]
[Round "4"]
[White "Zaremba, Andrie"]
[Black "Thorhallsson, Throstur"]
[Result "1/2-1/2"]
[WhiteElo "2360"]
[BlackElo "2426"]
[PlyCount "37"]
[EventDate "2010.02.24"]
[EventType "swiss"]
[EventRounds "9"]
[EventCountry "ISL"]
[SourceTitle "CBM 135 Extra"]
[Source "ChessBase"]
[SourceDate "2010.05.04"]
[SourceVersion "1"]
[SourceVersionDate "2010.05.04"]
[SourceQuality "1"]

1. d4 d5 2. Nf3 Nf6 3. c4 dxc4 4. Nc3 c5 5. e3 e6 6. Bxc4 a6 7. a4 Nc6 8. 0-0 Be7 9. dxc5 Bxc5 10. Qxd8+ Kxd8 11. e4 Ng4 12. Bf4 f6 13. h3 Nge5 14. Nxe5 Nxe5 15. Be2 Bd7 16. a5 Ke7 17. Na4 Bxa4 18. Rxa4 Rac8 19. b4 1/2-1/2

[Event "Reykjavik op"]
[Site "Reykjavik"]
[Date "2010.02.24"]
[Round "1"]
[White "Palsson, Svanberg Mar"]
[Black "Zaremba, Andrie"]
[Result "0-1"]
[WhiteElo "1769"]
[BlackElo "2360"]
[PlyCount "44"]
[EventDate "2010.02.24"]
[EventType "swiss"]
[EventRounds "9"]
[EventCountry "ISL"]
[SourceTitle "CBM 135 Extra"]
[Source "ChessBase"]
[SourceDate "2010.05.04"]
[SourceVersion "1"]
[SourceVersionDate "2010.05.04"]
[SourceQuality "1"]

1. d4 d5 2. c4 c6 3. cxd5 cxd5 4. Nc3 Nf6 5. Bf4 Nc6 6. Rc1 e6 7. e3 Bd6 8. Bxd6 Qxd6 9. Nf3 0-0 10. Bd3 a6 11. g4 e5 12. g5 Nd7 13. dxe5 Ndxe5 14. Nxe5 Qxe5 15. Nxd5 Qxg5 16. h4 Qg2 17. Qh5 g6 18. Nf6+ Kg7 19. Qg5 Qxh1+ 20. Ke2 Qxc1 21. Nh5+ Kg8 22. Qf6 Bg4+ 0-1

[Event "Gibraltar Masters 8th"]
[Site "Caleta"]
[Date "2010.02.03"]
[Round "9"]
[White "Chapman, Terry PD"]
[Black "Zaremba, Andrie"]
[Result "0-1"]
[WhiteElo "2221"]
[BlackElo "2360"]
[PlyCount "80"]
[EventDate "2010.01.26"]
[EventType "swiss"]
[EventRounds "10"]
[EventCountry "GGB"]
[SourceTitle "CBM 134 Extra"]
[Source "ChessBase"]
[SourceDate "2010.03.03"]
[SourceVersion "1"]
[SourceVersionDate "2010.03.03"]
[SourceQuality "1"]

1. Nf3 d5 2. g3 Nf6 3. Bg2 c6 4. 0-0 Bf5 5. d3 Nbd7 6. Nbd2 e5 7. e4 dxe4 8. dxe4 Be6 9. Qe2 Ng4 10. h3 Ngf6 11. b3 Qc7 12. a4 Bb4 13. Bb2 0-0 14. Nc4 Bxc4 15. Qxc4 a5 16. Kh1 Rfe8 17. Nh4 g6 18. Rad1 Rad8 19. Qe2 Nf8 20. Qe3 Ne6 21. f4 Rxd1 22. Rxd1 exf4 23. gxf4 Nh5 24. Be5 Qe7 25. Nf5 gxf5 26. Bf3 Qh4 27. Bxh5 Qxh5 28. Rg1+ Kf8 29. Qg3 fxe4 30. f5 Qf3+ 31. Qxf3 exf3 32. fxe6 Rxe6 33. Bg7+ Ke7 34. Rf1 Re1 35. Rxe1+ Bxe1 36. Kg1 b5 37. Kf1 f2 38. Bd4 Ke6 39. c3 bxa4 40. bxa4 Kd5 0-1

[Event "Gibraltar Masters 8th"]
[Site "Caleta"]
[Date "2010.02.01"]
[Round "7"]
[White "Lopez Martinez, Josep Manuel"]
[Black "Zaremba, Andrie"]
[Result "1-0"]
[WhiteElo "2593"]
[BlackElo "2360"]
[PlyCount "63"]
[EventDate "2010.01.26"]
[EventType "swiss"]
[EventRounds "10"]
[EventCountry "GGB"]
[SourceTitle "CBM 134 Extra"]
[Source "ChessBase"]
[SourceDate "2010.03.03"]
[SourceVersion "1"]
[SourceVersionDate "2010.03.03"]
[SourceQuality "1"]

1. e4 c6 2. d4 d5 3. e5 Bf5 4. Nd2 e6 5. Nb3 Nd7 6. Nf3 Ne7 7. Be2 Bg4 8. 0-0 Nf5 9. Ne1 Bxe2 10. Qxe2 h5 11. c3 Be7 12. g3 Qc7 13. Nf3 c5 14. Bg5 Bxg5 15. Nxg5 c4 16. Nd2 b5 17. b3 b4 18. Qf3 Qd8 19. h4 bxc3 20. Qxc3 cxb3 21. axb3 0-0 22. Qf3 g6 23. Qf4 Qb6 24. Ngf3 Kg7 25. Ra4 Nb8 26. Rfa1 Nc6 27. Kg2 a5 28. Rc1 Nb4 29. Qg5 Nxd4 30. Qe3 Nxf3 31. Qxb6 Nxd2 32. Qe3 1-0

[Event "Gibraltar Masters 8th"]
[Site "Caleta"]
[Date "2010.01.30"]
[Round "5"]
[White "Ogada Osir, Ibrahim"]
[Black "Zaremba, Andrie"]
[Result "1/2-1/2"]
[WhiteElo "2104"]
[BlackElo "2360"]
[PlyCount "92"]
[EventDate "2010.01.26"]
[EventType "swiss"]
[EventRounds "10"]
[EventCountry "GGB"]
[SourceTitle "CBM 134 Extra"]
[Source "ChessBase"]
[SourceDate "2010.03.03"]
[SourceVersion "1"]
[SourceVersionDate "2010.03.03"]
[SourceQuality "1"]

1. d4 d5 2. c4 c6 3. cxd5 cxd5 4. Nf3 Nc6 5. Nc3 Nf6 6. Bf4 e6 7. e3 Bd6 8. Bxd6 Qxd6 9. Bd3 0-0 10. 0-0 a6 11. h3 b5 12. Rc1 Bb7 13. Bb1 Rac8 14. Qe2 g6 15. Rfd1 Rc7 16. Qd2 Rfc8 17. a3 Na5 18. Ba2 Nc4 19. Bxc4 dxc4 20. Ne5 Nd7 21. f4 Qb6 22. Qc2 Kg7 23. Ne4 Bxe4 24. Qxe4 f6 25. Nxd7 Rxd7 26. Kf2 a5 27. Rd2 b4 28. Rdc2 Rdc7 29. axb4 axb4 30. g4 Qd6 31. f5 exf5 32. gxf5 c3 33. Rb1 b3 34. Rxc3 Rxc3 35. bxc3 Rxc3 36. Qf4 Rc2+ 37. Kg3 Qc6 38. Qf3 Qc7+ 39. Qf4 Qc3 40. Qe4 Re2 41. Kf3 Rh2 42. Qe7+ Kh6 43. Qxf6 Rxh3+ 44. Kg4 Rg3+ 45. Kxg3 Qxe3+ 46. Kg2 Qe2+ 1/2-1/2

[Event "USA tt"]
[Site "ICC INT"]
[Date "2009.09.28"]
[Round "5"]
[White "Bartell, Thomas"]
[Black "Zaremba, Andrie"]
[Result "0-1"]
[WhiteElo "2368"]
[BlackElo "2360"]
[PlyCount "84"]
[EventDate "2009.08.31"]
[EventType "team (rapid)"]
[EventRounds "10"]
[EventCountry "USA"]
[SourceTitle "CBM 132 Extra"]
[Source "ChessBase"]
[SourceDate "2009.11.03"]
[SourceVersion "1"]
[SourceVersionDate "2009.11.03"]
[SourceQuality "1"]

1. Nf3 d5 2. d4 Nf6 3. c4 c6 4. e3 Bf5 5. Nc3 e6 6. Nh4 Bg6 7. Nxg6 hxg6 8. g3 Nbd7 9. Bg2 Bd6 10. 0-0 0-0 11. Qe2 Qe7 12. Bd2 Rac8 13. c5 Bc7 14. f4 Ba5 15. Nb1 Bc7 16. Qd3 b6 17. b4 a5 18. a3 Ra8 19. Nc3 b5 20. Nxb5 cxb5 21. Qxb5 Ne4 22. Bxe4 dxe4 23. Qc6 Nf6 24. b5 Rac8 25. b6 Bxf4 26. Qb5 Bb8 27. Bxa5 Ng4 28. Qe2 Qg5 29. Bd2 e5 30. d5 Rxc5 31. Bb4 Bd6 32. Bxc5 Bxc5 33. Rab1 Nxe3 34. Rfc1 Nc2+ 35. Kh1 Nxa3 36. Ra1 Bxb6 37. Rc6 Bd4 38. Rxa3 Qf5 39. Kg2 Rb8 40. Ra2 Rb1 41. h3 Rg1+ 42. Kh2 Rh1+ 0-1

[Event "USA tt"]
[Site "ICC INT"]
[Date "2009.09.14"]
[Round "3"]
[White "Zaremba, Andrie"]
[Black "Herman, Matthew J"]
[Result "0-1"]
[WhiteElo "2360"]
[BlackElo "2149"]
[PlyCount "96"]
[EventDate "2009.08.31"]
[EventType "team (rapid)"]
[EventRounds "10"]
[EventCountry "USA"]
[SourceTitle "CBM 132 Extra"]
[Source "ChessBase"]
[SourceDate "2009.11.03"]
[SourceVersion "1"]
[SourceVersionDate "2009.11.03"]
[SourceQuality "1"]

1. d4 d5 2. Nf3 Nf6 3. c4 c6 4. Nc3 e6 5. e3 Nbd7 6. cxd5 exd5 7. Bd3 Bd6 8. 0-0 0-0 9. Qc2 Re8 10. e4 dxe4 11. Nxe4 Nxe4 12. Bxe4 Nf6 13. Bf5 Qa5 14. Bxc8 Raxc8 15. Bg5 Ne4 16. Bh4 Qd5 17. Rfe1 Re6 18. Re3 f5 19. Rae1 Rce8 20. Ng5 Nxg5 21. Bxg5 f4 22. Rxe6 Rxe6 23. Rxe6 Qxe6 24. Qb3 Qxb3 25. axb3 h6 26. Bd8 Kf7 27. f3 Ke6 28. Ba5 Kd5 29. Kf1 Kxd4 30. Bc3+ Kd3 31. Bxg7 h5 32. Kf2 Bc5+ 33. Kf1 Ke3 34. Bh6 h4 35. h3 Be7 36. Bg7 a6 37. Be5 b5 38. Bc3 Kd3 39. Be5 Kc2 40. Ke2 Kxb3 41. Kd2 Bg5 42. Kc1 c5 43. Kb1 a5 44. Bc3 b4 45. Bd2 c4 46. Bc1 c3 47. bxc3 bxc3 48. Ka1 Bf6 0-1

[Event "USA-chT Amateur East"]
[Site "Parsipanny"]
[Date "2009.02.16"]
[Round "5"]
[White "Zaremba, Andrie"]
[Black "Shen, Victor C"]
[Result "1-0"]
[WhiteElo "2343"]
[BlackElo "2140"]
[PlyCount "79"]
[EventDate "2009.02.14"]
[EventType "team-tourn"]
[EventRounds "6"]
[EventCountry "USA"]
[SourceTitle "CBM 129 Extra"]
[Source "ChessBase"]
[SourceDate "2009.05.05"]
[SourceVersion "2"]
[SourceVersionDate "2009.05.20"]
[SourceQuality "1"]

1. d4 Nf6 2. Nf3 e6 3. g3 d5 4. Bg2 c6 5. 0-0 Be7 6. c4 0-0 7. Nbd2 Nbd7 8. b3 b6 9. Bb2 Bb7 10. Ne5 c5 11. cxd5 Nxd5 12. Ndc4 N7f6 13. Qd2 cxd4 14. Bxd4 Bb4 15. Qb2 b5 16. a3 Be7 17. Nd2 a5 18. Rfd1 Qb8 19. Rac1 Ra6 20. Ne4 Rd8 21. Nc5 Bxc5 22. Bxc5 Nd7 23. Be7 Nxe5 24. Bxd8 Ng6 25. Bg5 h6 26. Bd2 Nf6 27. Bxb7 Qxb7 28. Bxh6 e5 29. Be3 Ng4 30. Qd2 Kh7 31. f3 Nf6 32. Qd8 b4 33. a4 Ra8 34. Qb6 Qe7 35. Rc7 Qe8 36. Qc6 Qxc6 37. Rxc6 Ne7 38. Rc5 e4 39. Bg5 exf3 40. exf3 1-0

[Event "USA-chT Amateur East"]
[Site "Parsipanny"]
[Date "2009.02.14"]
[Round "2"]
[White "Strenzwilk, Denis"]
[Black "Zaremba, Andrie"]
[Result "0-1"]
[WhiteElo "2062"]
[BlackElo "2343"]
[PlyCount "112"]
[EventDate "2009.02.14"]
[EventType "team-tourn"]
[EventRounds "6"]
[EventCountry "USA"]
[SourceTitle "CBM 129 Extra"]
[Source "ChessBase"]
[SourceDate "2009.05.05"]
[SourceVersion "2"]
[SourceVersionDate "2009.05.20"]
[SourceQuality "1"]

1. e4 c5 2. Nf3 d6 3. d4 cxd4 4. Nxd4 Nf6 5. Nc3 g6 6. Nd5 Bg7 7. Bb5+ Bd7 8. Nxf6+ Bxf6 9. 0-0 Bxb5 10. Nxb5 0-0 11. c3 Nc6 12. Bh6 Re8 13. Qd2 Rc8 14. b3 Qa5 15. a4 a6 16. b4 Qd8 17. Na3 Ne5 18. Rac1 Nc4 19. Nxc4 Rxc4 20. Be3 Qc7 21. Bd4 Bxd4 22. cxd4 Rc8 23. Rxc4 Qxc4 24. Rb1 Qc6 25. f3 Qxa4 26. Rb2 Qb5 27. h3 d5 28. Kh2 Rc4 29. Qf4 dxe4 30. Qxe4 Qd7 31. b5 Rxd4 32. Qe5 Qd6 33. Qxd6 Rxd6 34. bxa6 bxa6 35. Rb7 Re6 36. Ra7 Kg7 37. g4 g5 38. Kg3 Kf6 39. Rc7 a5 40. Ra7 Re5 41. h4 h6 42. Ra6+ e6 43. h5 Ke7 44. Ra7+ Ke8 45. Ra8+ Kd7 46. Ra7+ Kc6 47. Rxf7 a4 48. f4 gxf4+ 49. Kxf4 Ra5 50. Rf6 Kd6 51. Ke4 a3 52. Rf1 Ra4+ 53. Kf3 a2 54. Ra1 Ke5 55. Re1+ Kf6 56. Ra1 Kg5 0-1

[Event "USA-chT Amateur East"]
[Site "Parsippany"]
[Date "2008.02.18"]
[Round "6"]
[White "Zaremba, Andrie"]
[Black "Sarkar, Justin"]
[Result "1/2-1/2"]
[WhiteElo "2348"]
[BlackElo "2412"]
[PlyCount "71"]
[EventDate "2008.02.16"]
[EventType "team"]
[EventRounds "6"]
[EventCountry "USA"]
[SourceTitle "CBM 123 Extra"]
[Source "ChessBase"]
[SourceDate "2008.05.06"]
[SourceVersion "1"]
[SourceVersionDate "2008.05.06"]
[SourceQuality "1"]

1. d4 d5 2. Nf3 Nf6 3. c4 c6 4. cxd5 cxd5 5. Nc3 Nc6 6. Bf4 Ne4 7. Qb3 Nxc3 8. bxc3 g6 9. e3 Bg7 10. Be2 0-0 11. 0-0 Na5 12. Qb4 Bg4 13. c4 dxc4 14. Bxc4 Nxc4 15. Qxc4 Bxf3 16. gxf3 Qd7 17. Qc7 Qd5 18. Qxe7 Qxf3 19. Qg5 Rac8 20. Rac1 Rfe8 21. Qg2 Qxg2+ 22. Kxg2 f5 23. a4 Bf6 24. Rxc8 Rxc8 25. Rb1 b6 26. a5 Bd8 27. Rb5 Kf7 28. Rd5 Ke6 29. Rd6+ Ke7 30. axb6 Bxb6 31. Rd5 Rc2 32. h4 Ke6 33. Rd6+ Ke7 34. Rd5 Ke6 35. Rd6+ Ke7 36. Rd5 1/2-1/2

[Event "USA tt"]
[Site "ICC INT"]
[Date "2007.10.24"]
[Round "9"]
[White "Wheeler, Jerry"]
[Black "Zaremba, Andrie"]
[Result "0-1"]
[WhiteElo "2155"]
[BlackElo "2321"]
[PlyCount "112"]
[EventDate "2007.08.29"]
[EventType "team"]
[EventRounds "10"]
[EventCountry "USA"]
[SourceTitle "CBM 120 Extra"]
[Source "ChessBase"]
[SourceDate "2007.11.01"]
[SourceVersion "1"]
[SourceVersionDate "2007.11.01"]
[SourceQuality "1"]

1. e4 c5 2. Nf3 d6 3. c3 Nf6 4. Be2 Nbd7 5. Qc2 Qc7 6. 0-0 g6 7. Bc4 Nb6 8. Bb5+ Bd7 9. a4 a6 10. Bxd7+ Nbxd7 11. a5 Bg7 12. Re1 0-0 13. d3 e6 14. Bg5 h6 15. Be3 d5 16. h3 c4 17. exd5 Nxd5 18. d4 f5 19. Na3 b5 20. axb6 N7xb6 21. Bc1 Rfe8 22. Ne5 Kh7 23. h4 Rac8 24. Qe2 Bxe5 25. dxe5 Qe7 26. Nc2 Qxh4 27. Rxa6 Rc7 28. Nd4 Qd8 29. Nb5 Rc6 30. Ra7+ Re7 31. Qd2 g5 32. Nd4 Rcc7 33. Rxc7 Qxc7 34. Qe2 Qd7 35. g3 Qe8 36. Kg2 Kg7 37. Rh1 Qg6 38. Nb5 Rf7 39. Nd6 Rf8 40. Qh5 Qxh5 41. Rxh5 Ra8 42. Rh1 Ra2 43. Kf3 Ra4 44. Rd1 Kg6 45. Ke2 Nd7 46. f4 Nc5 47. Rd4 Nb3 48. Rxc4 Rxc4 49. Nxc4 Nxc1+ 50. Kd1 gxf4 51. gxf4 Nd3 52. Kc2 N3xf4 53. Nd2 Ne3+ 54. Kb1 Nd3 55. b4 Nxe5 56. b5 N3c4 0-1

[Event "USA tt"]
[Site "ICC INT"]
[Date "2007.09.26"]
[Round "5"]
[White "Moreno, Alejandro"]
[Black "Zaremba, Andrie"]
[Result "1-0"]
[WhiteElo "2390"]
[BlackElo "2321"]
[PlyCount "107"]
[EventDate "2007.08.29"]
[EventType "team"]
[EventRounds "10"]
[EventCountry "USA"]
[SourceTitle "CBM 120 Extra"]
[Source "ChessBase"]
[SourceDate "2007.11.01"]
[SourceVersion "1"]
[SourceVersionDate "2007.11.01"]
[SourceQuality "1"]

1. e4 c5 2. Nf3 d6 3. Bb5+ Bd7 4. Bxd7+ Qxd7 5. c4 Nc6 6. 0-0 g6 7. Nc3 Bg7 8. d3 e6 9. Be3 Nge7 10. d4 cxd4 11. Nxd4 0-0 12. Qa4 Rfd8 13. Rfd1 d5 14. exd5 exd5 15. cxd5 Nxd5 16. Nxc6 Qxc6 17. Qxc6 bxc6 18. Nxd5 Rxd5 19. Rxd5 cxd5 20. Rd1 d4 21. Bf4 Rc8 22. Kf1 a5 23. Ke2 d3+ 24. Kxd3 Bxb2 25. Rb1 Bf6 26. Rb8 Rxb8 27. Bxb8 Kf8 28. a4 Ke7 29. Bc7 Kd7 30. Bxa5 Kc6 31. Bc3 Bd8 32. Ke4 Bc7 33. h4 f5+ 34. Kd3 Kd5 35. a5 Bd8 36. g3 f4 37. a6 Kc6 38. Bd4 h5 39. Ke4 fxg3 40. fxg3 g5 41. g4 gxh4 42. gxh5 Bg5 43. Kf5 h3 44. Be5 Bh6 45. Kg4 Kb6 46. Kxh3 Kxa6 47. Kg4 Kb6 48. Bf4 Bf8 49. Kf5 Kc6 50. Ke6 Bg7 51. Kf7 Bd4 52. h6 Kd5 53. h7 Ke4 54. Bh6 1-0

[Event "Pardubice Czech op"]
[Site "Pardubice"]
[Date "2007.07.21"]
[Round "2"]
[White "Zaremba, Andrie"]
[Black "Feller, Sebastien"]
[Result "0-1"]
[WhiteElo "2321"]
[BlackElo "2478"]
[PlyCount "72"]
[EventDate "2007.07.20"]
[EventType "swiss"]
[EventRounds "9"]
[EventCountry "CZE"]
[SourceTitle "CBM 119 Extra"]
[Source "ChessBase"]
[SourceDate "2007.09.04"]
[SourceVersion "1"]
[SourceVersionDate "2007.09.04"]
[SourceQuality "1"]

1. e4 e5 2. Bc4 Nf6 3. d3 c6 4. Nf3 d6 5. 0-0 Be7 6. Nc3 0-0 7. h3 Nbd7 8. a4 b6 9. Ba2 a6 10. d4 Bb7 11. Bg5 Qc7 12. dxe5 dxe5 13. Nh4 h6 14. Bxh6 gxh6 15. Nf5 Nc5 16. Qd2 Nh7 17. Qxh6 Bf6 18. Rae1 Kh8 19. Qh5 Bc8 20. b4 Ne6 21. Nh6 Ra7 22. Ne2 Ng7 23. Qf3 Qe7 24. Ng3 Ng5 25. Qe3 Nxh3+ 26. gxh3 Bg5 27. Qxb6 Bxh6 28. Kg2 Bf4 29. h4 Rg8 30. h5 Rb7 31. Qxa6 Rxb4 32. Qxc6 Be6 33. Bxe6 Nxe6 34. Rh1 Bxg3 35. fxg3 Qg5 36. Qc3 Rc4 0-1